|
|
|
|
| LEADER |
00000nam a2200000 a 4500 |
| 001 |
UCZ8061 |
| 003 |
CL-VaPUC |
| 008 |
960112e19780000SP |||||||||||||||||spa|d |
| 082 |
0 |
4 |
|a 813
|b SLA
|2 21
|
| 100 |
0 |
|
|a Slaughter, Frank G
|e author
|9 353170
|
| 245 |
1 |
0 |
|a Cirujano del aire
|
| 250 |
|
|
|a 6a. ed
|
| 300 |
|
|
|a 317 p
|
| 942 |
|
|
|c BK
|
| 945 |
|
|
|d 19960112 00:00:00
|a cmena
|
| 260 |
|
|
|a Barcelona
|b Planeta
|c 1978
|
| 650 |
|
0 |
|a Literatura inglesa
|9 312907
|
| 650 |
|
0 |
|a Novelas inglesas
|9 265220
|
| 583 |
|
|
|a last modification
|c 20130414 11:58:58
|k Rodrigo Vera
|
| 490 |
0 |
|
|a Reno
|
| 999 |
|
|
|c 244021
|d 244019
|
| 952 |
|
|
|0 0
|1 0
|4 0
|6 813_000000000000000_SLA_1978
|7 0
|8 A
|9 257928
|a BIBEDU
|b BIBEDU
|d 2019-11-19
|i 1615122
|o 813 SLA 1978
|p 1615122
|r 2019-11-19
|w 2019-11-19
|y BK
|k EDU
|